Alle Flaggen - Statistiken

Allgemein
  • Dieses Quiz wurde 132 mal gespielt
    124 seit der letzten Aktualisierung
  • Das Durchschnittsergebnis liegt bei 134 aus 264
Antwortstatistiken
Bildquiz Antwort % Korrekt
Indien
97%
Uruguay
95%
Malaysia
90%
Griechenland
83%
Bosnien und Herzegowina
80%
Iran
80%
Jordanien
80%
Polen
80%
China
78%
Guam
78%
Haiti
78%
San Marino
78%
Sierra Leone
78%
Äquatorialguinea
76%
Italien
76%
Katar
76%
Luxemburg
76%
Nepal
76%
Neuseeland
76%
Norwegen
76%
Afghanistan
75%
Bulgarien
75%
Chile
75%
Monaco
75%
Russland
73%
Uganda
73%
Bhutan
71%
Liberia
71%
Somalia
71%
Spanien
71%
Barbados
68%
Brasilien
68%
Dänemark
68%
Venezuela
68%
Ecuador
66%
Gabun
66%
Paraguay
66%
Tadschikistan
66%
Ägypten
64%
Albanien
64%
Armenien
64%
Australien
64%
Belarus
64%
Deutschland
64%
Estland
64%
Finnland
64%
Frankreich
64%
Irak
64%
Israel
64%
Jamaika
64%
Japan
64%
Kambodscha
64%
Kap Verde
64%
Kasachstan
64%
Kroatien
64%
Lettland
64%
Libanon
64%
Malediven
64%
Mexiko
64%
Nordkorea
64%
Nordmazedonien
64%
Österreich
64%
Portugal
64%
Schweden
64%
Schweiz
64%
Serbien
64%
Slowakei
64%
Sri Lanka
64%
Südafrika
64%
Togo
64%
Tonga
64%
Türkei
64%
Ukraine
64%
Ungarn
64%
Vatikanstadt
64%
Vereinigtes Königreich
64%
Vereinigte Staaten
64%
Zypern
64%
Andorra
63%
Fidschi
63%
Georgien
63%
Kolumbien
63%
Kosovo
63%
Liechtenstein
63%
Malta
63%
Marokko
63%
Montenegro
63%
Peru
63%
Republik Kongo
63%
Saudi Arabien
63%
Slowenien
63%
Thailand
63%
Tschechien
63%
Bahrain
61%
Dominikanische Republik
61%
Elfenbeinküste
61%
Kenia
61%
Litauen
61%
Nigeria
61%
Singapur
61%
Tunesien
61%
Usbekistan
61%
Algerien
59%
Dominica
59%
Honduras
59%
Indonesien
59%
Irland
59%
Jemen
59%
Kuba
59%
Moldawien
59%
Myanmar
59%
Niederlande
59%
Niger
59%
Pakistan
59%
Palau
59%
Sao Tome und Principe
59%
Taiwan
59%
Angola
58%
Argentinien
58%
Äthiopien
58%
Bangladesch
58%
Belize
58%
Gibraltar
58%
Island
58%
Kanada
58%
Laos
58%
Libyen
58%
Mayotte (Inoffiziell)
58%
Mongolei
58%
Panama
58%
Rumänien
58%
Sambia
58%
Senegal
58%
Syrien
58%
Tschad
58%
Turkmenistan
58%
Belgien
56%
Kiribati
56%
Komoren
56%
Mali
56%
Nicaragua
56%
Philippinen
56%
Südkorea
56%
Vietnam
56%
Zentralafrikanische Republik
56%
Antigua und Barbuda
54%
Bahamas
54%
Brunei
54%
Eswatini
54%
Kuwait
54%
Oman
54%
Sudan
54%
Tansania
54%
Vereinigte Arabische Emirate
54%
Burkina Faso
53%
Burundi
53%
Costa Rica
53%
Demokratische Republik Kongo
53%
Guatemala
53%
Kirgisistan
53%
Lesotho
53%
Malawi
53%
Marshallinseln
53%
Mauretanien
53%
Nauru
53%
Papua Neuguinea
53%
Seychellen
53%
St Lucia
53%
Suriname
53%
Aserbaidschan
51%
Benin
51%
Ghana
51%
Grenada
51%
Guinea-Bissau
51%
Guyana
51%
Hongkong
51%
Mikronesien
51%
Ost Timor
51%
Samoa
51%
St Vincent und die Grenadinen
51%
Färöer
49%
Guinea
49%
Johnston-Atoll (Inoffiziell)
49%
Madagaskar
49%
Mosambik
49%
Namibia
49%
Salomonen
49%
Simbabwe
49%
Bolivien
47%
El Salvador
47%
Mauritius
47%
St Kitts und Nevis
47%
Botswana
46%
Eritrea
46%
Kamerun
46%
Trinidad und Tobago
46%
Vanuatu
46%
Vogtei Jersey
46%
Puerto Rico
44%
Ruanda
44%
Südsudan
44%
Dschibuti
42%
Tuvalu
41%
Gambia
39%
Palästina
39%
Tokelau
32%
Amerikanische Jungferninseln
31%
Cookinseln
29%
Aruba
27%
Guernsey
27%
Isle of Man
27%
Niue
27%
Amerikanisch-Samoa
25%
Französisch-Polynesien
25%
Macau
25%
Transnistrien
25%
Anguilla
24%
Britische Jungferninseln
24%
Neukaledonien (Inoffiziell)
24%
Curaçao
22%
Falklandinseln
22%
Französische Süd- und Antarktisgebiete
22%
Türkische Republik Nordzypern
22%
Abchasien
20%
Arzach
20%
Bermuda
20%
Bonaire
20%
Norfolkinsel
20%
Pitcairninseln
20%
Sint Maarten
20%
Réunion (Inoffiziell)
19%
Saba
19%
Saint-Pierre und Miquelon (Inoffiziell)
19%
St. Helena
19%
Westsahara
19%
Britisches Territorium im Indischen Ozean
17%
Nördliche Marianen
17%
Wake (Inoffiziell)
17%
Guadeloupe (Inoffiziell)
15%
Montserrat
15%
Saint-Barthélemy (Inoffiziell)
15%
Martinique
14%
Südossetien
14%
Turks- und Caicosinseln
14%
Cayman Islands
12%
Französisch-Guayana
12%
Hawaii
12%
Osterinsel
12%
Wallis und Futuna
12%
Ascension
10%
Kanarische Inseln
10%
Madeira
10%
Saint-Martin (Inoffiziell)
10%
Südgeorgien und die Südlichen Sandwichinseln
10%
Somaliland
8%
Midwayinseln (Inoffiziell)
7%
Melilla
5%
Ceuta
3%
Navassa (Inoffiziell)
3%
Palmyra-Atoll (Inoffiziell)
3%
Sint Eustatius
3%
Tristan da Cunha
3%
Howlandinsel, Bakerinsel, Jarvisinsel (Inoffiziell)
2%
Kingmanriff (Inoffiziell)
2%
Keine übereinstimmenden Quizze gefunden
Verteilung der Resultate
Anzahl Personen mit jedem Resultat
Perzentil nach korrekt beantworteten Fragen
Ihre Resultats-Entwicklung
Sie haben dieses Quiz seit der letzten Aktualisierung nicht gespielt